[Event "Zheleznogorsk-ch"]
[Site "Zheleznogorsk"]
[Date "2017.02.27"]
[Round "8"]
[White "Khomitskiy, Mikhail"]
[Black "Petrukhin, Denis"]
[Result "0-1"]
[WhiteElo "2020"]
[BlackElo "2355"]
[PlyCount "52"]
[EventDate "2017.02.06"]
[EventType "swiss"]
[EventRounds "9"]
[EventCountry "RUS"]
[SourceTitle "CBM 177 Extra"]
[Source "ChessBase"]
[SourceDate "2017.04.27"]
[SourceVersion "1"]
[SourceVersionDate "2017.04.27"]
[SourceQuality "1"]

1. d4 Nf6 2. c4 g6 3. Nc3 Bg7 4. e4 0-0 5. h3 d6 6. Be3 Na6 7. Qd2 Qe8 8. Nf3 e5 9. d5 Nh5 10. g4 Nf4 11. Ng1 Nc5 12. Bxc5 dxc5 13. Nge2 Bh6 14. Qc2 Qe7 15. Ng3 Bg5 16. Nce2 Bd7 17. Nxf4 exf4 18. Ne2 a6 19. Ng1 f5 20. f3 fxe4 21. Qxe4 Bh4+ 22. Kd2 Qg7 23. Qc2 Qd4+ 24. Bd3 Qe3+ 25. Kc3 Bf6+ 26. Kb3 b5 0-1

[Event "Krasnoyarsk City-ch"]
[Site "Krasnoyarsk"]
[Date "2013.10.08"]
[Round "6"]
[White "Isagov, Nariman"]
[Black "Khomitskiy, Mikhail"]
[Result "1-0"]
[WhiteElo "2013"]
[BlackElo "2054"]
[PlyCount "84"]
[EventDate "2013.10.03"]
[EventType "swiss"]
[EventRounds "11"]
[EventCountry "RUS"]
[SourceTitle "EXT 2014"]
[Source "ChessBase"]
[SourceDate "2013.11.20"]
[SourceVersion "1"]
[SourceVersionDate "2013.11.20"]
[SourceQuality "1"]

1. d4 d5 2. Nf3 Nf6 3. c4 c6 4. Nc3 e6 5. g3 Nbd7 6. Bg2 dxc4 7. a4 Bb4 8. 0-0 Nd5 9. Qc2 0-0 10. e4 N5f6 11. Bf4 Re8 12. Rfd1 Nf8 13. Ne5 Ng6 14. Nxg6 hxg6 15. Na2 Ba5 16. Qxc4 Nh5 17. Be3 Qe7 18. e5 f5 19. f4 Bb6 20. Bf3 Kf7 21. Kg2 Rh8 22. Qe2 Bd7 23. h3 Nxg3 24. Kxg3 Qh4+ 25. Kg2 Qxh3+ 26. Kf2 Bd8 27. Rh1 Bh4+ 28. Kg1 Qg3+ 29. Qg2 g5 30. Qxg3 Bxg3 31. fxg5 Rxh1+ 32. Bxh1 Rh8 33. Nc3 Bh2+ 34. Kf2 f4 35. Bd2 Bg3+ 36. Ke2 Rh2+ 37. Kd3 Ke7 38. Ne4 Be8 39. Nxg3 fxg3 40. Be4 Bh5 41. Rg1 Rh3 42. Rg2 Bg4 1-0

[Event "Krasnoyarsk City-ch"]
[Site "Krasnoyarsk"]
[Date "2013.10.05"]
[Round "3"]
[White "Khomitskiy, Mikhail"]
[Black "Volkov, Sergey Anat"]
[Result "1/2-1/2"]
[WhiteElo "2054"]
[BlackElo "2143"]
[PlyCount "82"]
[EventDate "2013.10.03"]
[EventType "swiss"]
[EventRounds "11"]
[EventCountry "RUS"]
[SourceTitle "EXT 2014"]
[Source "ChessBase"]
[SourceDate "2013.11.20"]
[SourceVersion "1"]
[SourceVersionDate "2013.11.20"]
[SourceQuality "1"]

1. c4 c6 2. e4 d5 3. exd5 cxd5 4. d4 Nf6 5. Nc3 Nc6 6. Nf3 g6 7. Be2 Bg7 8. 0-0 0-0 9. Re1 dxc4 10. Bxc4 Bg4 11. Be3 Rc8 12. h3 Bxf3 13. gxf3 e6 14. Bb5 Nd5 15. Bxc6 Rxc6 16. Rc1 Rd6 17. Ne4 Rb6 18. b3 Qh4 19. Kg2 Rd8 20. Qd2 h6 21. Nc5 e5 22. Qa5 exd4 23. Bd2 Nf4+ 24. Bxf4 Qxf4 25. Nd3 Qb8 26. Rc2 Rbd6 27. Rec1 Rd5 28. Qxd5 Rxd5 29. Rc8+ Rd8 30. Rxb8 Rxb8 31. Rc7 a5 32. f4 b6 33. Kf3 Re8 34. Rc6 Re6 35. Rxe6 fxe6 36. Ke4 Kf7 37. h4 Ke7 38. Ne5 Kd6 39. Nxg6 Kc5 40. h5 Kb4 41. Kd3 b5 1/2-1/2

[Event "Krasnoyarsk City-ch"]
[Site "Krasnoyarsk"]
[Date "2013.10.03"]
[Round "1"]
[White "Khomitskiy, Mikhail"]
[Black "Piskunov, Alexandr"]
[Result "0-1"]
[WhiteElo "2054"]
[BlackElo "2314"]
[PlyCount "48"]
[EventDate "2013.10.03"]
[EventType "swiss"]
[EventRounds "11"]
[EventCountry "RUS"]
[SourceTitle "EXT 2014"]
[Source "ChessBase"]
[SourceDate "2013.11.20"]
[SourceVersion "1"]
[SourceVersionDate "2013.11.20"]
[SourceQuality "1"]

1. c4 e5 2. Nc3 d6 3. g3 f5 4. d4 Nc6 5. e3 Nf6 6. Bg2 e4 7. Nh3 g6 8. Nf4 Bg7 9. 0-0 0-0 10. Rb1 Ne7 11. b3 Bd7 12. Bb2 g5 13. Nh3 h6 14. f3 exf3 15. Bh1 g4 16. Nf4 Qe8 17. d5 Ng6 18. Re1 Nxf4 19. exf4 Qg6 20. Nb5 Bxb5 21. Bxf6 Qxf6 22. cxb5 Rae8 23. Qd3 Rxe1+ 24. Rxe1 Qb2 0-1